00552nam a22001337a 4500020001800000082001600018100001600034245018800050260001000238300001100248942001200259999001900271952012800290 a9780692490228 a613.71bDEV aDeva, Jon  aYou Can Do The Splits! Scientific Stretching for Fast Results!:bEverything You Need to Know to Achieve Maximum Flexibility as Quickly, Safely and Efficiently as Possible! /cJon Deva c2015. a51p. ; 2ddccBK c615091d615091 00102ddc406613_710000000000000_DEV709642800aCLbCLcLCd2025-10-07l0o613.71 DEVpLC-531r2025-10-07w2025-10-07yBK